Tratamiento osteopático de lumbalgias y ciáticas: lumbalgias, lumbagos, radiculalgias de tipo ciática y cruralgia

Uloženo v:
Podrobná bibliografie
Hlavní autor: Ricard, Francois (Autor)
Médium: Kniha
Jazyk:španělština
Vydáno: Madrid Médica Panamericana 1998
Vydání:2a. ed
Témata:
Tagy: Přidat tag
Žádné tagy, Buďte první, kdo vytvoří štítek k tomuto záznamu!

MARC

LEADER 00000nam a2200000 a 4500
001 UCQ8997
003 CL-VaPUC
005 20231116114419.0
008 981218e19980000SP |||||||||||||||||spa|d
999 |c 278159  |d 278157 
040 |c Pontificia Universidad Católica de Valparaíso 
082 0 4 |a 616.7  |b RIC  |2 21 
100 0 |a Ricard, Francois  |e author  |9 423381 
245 1 0 |a Tratamiento osteopático de lumbalgias y ciáticas: lumbalgias, lumbagos, radiculalgias de tipo ciática y cruralgia 
250 |a 2a. ed 
260 |a Madrid  |b Médica Panamericana  |c 1998 
300 |a v 
500 |a v.2: La región pelviana 
583 |a last modification  |c 19981218 00:00:00  |k Rodrigo Vera 
650 0 |a Pelvis  |9 344508  |x Medicina osteopática 
650 0 |a Articulación sacro-ilíaca (ASI)  |9 885957 
650 0 |a Medicina osteopática  |9 885959 
650 0 |a Lumbago  |9 885961  |x Hernia discal 
650 0 |a Biomecánica  |9 307420 
942 |c BK  |2 ddc 
945 |d 19981218 00:00:00  |a aarredon 
952 |0 0  |1 0  |4 0  |6 616_700000000000000_RIC_1998  |7 0  |8 A  |9 316563  |a BIBCUR  |b BIBCUR  |d 2019-11-20  |h v.2  |i 3492648  |o 616.7 RIC 1998  |p 3492648  |r 2025-04-22  |w 2019-11-20  |y BK  |k KIN